Bo Burnham Filmography - Statistics

General Stats
  • This quiz has been taken 14 times
  • The average score is 6 of 35
Answer Stats
Type Year Name % Correct
Stand-Up Special 2021 Bo Burnham: Inside
75%
Director 2017 Jerrod Carmichael: 8
75%
Stand-Up Special 2016 Bo Burnham: Make Happy
67%
Stand-Up Special 2013 Bo Burnham: what.
67%
Stand-Up Special 2010 Bo Burnham: Words, Words, Words
50%
Director 2018 Eighth Grade
50%
TV Show 2013 Zach Stone Is Gonna Be Famous
50%
Film 2020 Promising Young Woman
25%
Director 2022 Jerrod Carmichael: Rothaniel
17%
Film 2017 The Big Sick
17%
Director 2022 The Inside Outtakes
17%
Film 2009 American Virgin
8%
Director 2018 Chris Rock: Tamborine
8%
Film 2009 Funny People
8%
Film 2011 Hall Pass
8%
Director 2022-2023 Kate
8%
Director 2022 Kate Berlant: Cinnamon in the Wind
8%
TV Show 2014 Parks and Recreation
8%
Film TBA Sesame Street
8%
Film 2012 Adventures in the Sin Bin
0%
TV Show 2012 Chris Hardwick's All-Star Celebrity Bowling
0%
TV Show 2009 Comedy Central Presents
0%
Web Series 2017 Comrade Detective
0%
Web Series 2010 Dropout
0%
TV Show 2011 Funny as Hell
0%
TV Show 2014 Just for Laughs: All-Access
0%
TV Show 2015 Key & Peele
0%
TV Show 2015 Kroll Show
0%
Film 2017 Rough Night
0%
Theater 2004 The Loman Family Picnic
0%
TV Show 2010 The Soup
0%
TV Show 2008 The World Stands Up
0%
TV Show 2016 We Bare Bears
0%
Music Video 2014 Whoa Whoa Whoa
0%
Web Mini-Series 2009 Yo Teach...!
0%
No matching quizzes found
Score Distribution
Percent of People with Each Score
Percentile by Number Answered
Your Score History
You have not taken this quiz